Soviet psychology and psychiatry.
Saved in:
| Ny titel: | Soviet neurology & psychiatry Soviet psychology |
|---|---|
| Format: | Tidsskrift |
| Sprog: | English Russian |
| Udgivet: |
New York, N.Y. :
International Arts and Sciences Press,
1962-.
|
| Fag: |
| LEADER | 01681cas a2200457 a 4500 | ||
|---|---|---|---|
| 001 | c000158449 | ||
| 003 | CARM | ||
| 005 | 20021220130348.0 | ||
| 008 | 760712d19621966nyuqr1p 0 a0eng | ||
| 010 | |a sn 89007920 | ||
| 010 | |z 68045367 | ||
| 019 | 1 | |a 940574 |5 LACONCORD2021 | |
| 022 | 0 | |a 0584-5610 | |
| 035 | |a (OCoLC)2450746 |5 LACONCORD2021 | ||
| 040 | |a DLC |b eng |c QPR |d PPiU |d N |d OCoLC |d InU |d NSDP |d NST |d DLC |d OCoLC |d LC | ||
| 041 | 1 | |a eng |h rus | |
| 042 | |a nsdp |a msc | ||
| 050 | 0 | 0 | |a BF1 |b .S6 |
| 060 | 0 | |a W1 SO996T | |
| 060 | 0 | 0 | |a W1 SO996T |
| 082 | 1 | 0 | |a 616 |2 11 |
| 210 | 0 | |a Sov. psychol. psychiatr | |
| 222 | 0 | |a Soviet psychology and psychiatry | |
| 245 | 0 | 0 | |a Soviet psychology and psychiatry. |
| 260 | |a New York, N.Y. : |b International Arts and Sciences Press, |c 1962-. | ||
| 300 | |a 4 v. : |b ill. ; |c 28 cm. | ||
| 310 | |a Quarterly | ||
| 362 | 0 | |a Vol. 1, no. 1 (fall 1962)- | |
| 362 | 1 | |a Ceased with v. 4 in spring/summer 1966? | |
| 500 | |a Title from cover. | ||
| 546 | |a Translated from Russian. | ||
| 580 | |a Split into: Soviet psychology, and: Soviet neurology & psychiatry. | ||
| 650 | 0 | |a Psychology |x Periodicals. | |
| 650 | 0 | |a Psychiatry |x Periodicals. | |
| 785 | 1 | 6 | |t Soviet neurology & psychiatry |x 0038-559X |w (DLC) 76003473 |w (OCoLC)1766260 |
| 785 | 1 | 6 | |t Soviet psychology |x 0038-5751 |w (DLC) 68045367 |w (OCoLC)4989155 |
| 852 | 8 | |b CARM |h A2:AQ12C0 |i D06360 |p 0221379 |f SE | |
| 866 | 0 | |a 1:1(1962)-4:4(1966) | |
| 866 | 0 | |a 1:1(1962)-4:4(1966) | |
| 999 | f | f | |i ddc576ba-a858-5d5e-b091-d10bc3c82fd8 |s 399e1e4c-19b1-533b-8dc9-f81a30dc5430 |
| 952 | f | f | |p Can circulate |a CAVAL |b CAVAL |c CAVAL |d CARM 1 Store |e D06360 |f A2:AQ12C0 |h Other scheme |i book |k 1:1(1962)-4:4(1966) |m 0221379 |